00359nam a2200109Ia 4500008004100000020002200041100002100063245007500084260003800159300002700197650002500224200909s9999 xx 000 0 und d a978-621-04-0100-4 aLauron, Doris P. cDoris P. LauronaHuman resource management:bprinciples and practices/ aQuezon City:bREX Bookstorec2019 axiv, 135 pagesc25 cm. aPersonnel management